Loading...
Africa and the international economy 1800-1960. /
| Main Author: | |
|---|---|
| Language: | Undetermined |
| Published: |
London
J M Dent & Sons Limited.
1976
|
| LEADER | 00473nam a2200133Ia 4500 | ||
|---|---|---|---|
| 001 | 103240 | ||
| 008 | 170722s9999 xx 000 0 und d | ||
| 100 | |a Munro, J. Forbes | ||
| 245 | |a Africa and the international economy 1800-1960. / | ||
| 260 | |b J M Dent & Sons Limited. |a London |c 1976 | ||
| 300 | |a 230 |c 22 cm. | ||
| 942 | |c GEN | ||
| 999 | |c 10325 |d 10325 | ||
| 952 | |0 0 |1 0 |4 0 |6 X__6_000000000000000_N6_L6 |7 0 |8 LC1 |9 11843 |a LIB |b LIB |d 2017-08-12 |o X.6.N6 L6 |p 182598 |r 2017-08-12 |v 0.00 |w 2017-08-12 |y GEN | ||